00458nam a22001337a 4500020001500000082001200015100002200027245010500049260003500154300000800189490002400197505003100221650007200252 a9552306418 a546 PER aPerera, Sarath .D aInorganic chemistry Part V : nuclear chemictry,chemistry in non-aqueous solutions Level 4 - CHU 2123 aColombobOpen universityc1997 a55p a Level 4 - CHU 2123 aBachelor Science -Level :4 ainorganic chemistryanuclear chemistryanon-aqueous solutionsaOUSL